00572nam a22001457a 4500003000500000038001800005082000800023100002000031245018600051264003200237300002500269650003800294700003700332856005700369NUST aNusrat Nadeem a200 aMahmood, Ayesha aA NEW DIGITAL PERSPECTIVE TO EMPLOYEE VOICE: ACHIEVING INNOVATION WORK BEHAVIOR THROUGH A MODERATION AND MEDIATION LENS OF, AMBIDEXTERITY, INVOLVEMENT AND AGILITY/cAyesha Mahmood,  aIslamabad,bNBS NUST,c2023 aill;b156,p:c30,cm. aMS-Management and Human Resource  aSupervisor: Dr. Mehwish Iftikhar uhttp://10.250.8.41:8080/xmlui/handle/123456789/41690